000 00736nab a2200193 4500
001 244442
003 OSt
005 20250910124039.0
007 tu
008 200917s2020|||||||
040 _aDE-2950
_cDE-2950
245 0 0 _aWas die Kandidaten mit Slubice anpacken wollen
_bOB-Wahl. Am 21. September wird in Frankfurt (Oder) gewählt. Die Redaktion hat die OB-Kandidaten zur Zusammnarbeit mit dem polnischen Slubice befragt. Welche Projekte sollen beide Städte gemeinsam anpacken?/
_cThomas Gutke
264 _c2025
653 _aFrankfurt (Oder)
653 _aOB-Kandidaten
653 _aZusammenarbeit mit Slubice
773 0 _g36. Jahrgang (2025) Nr. 206 vom 04.09.2025, S. 17 mit Foto
_tMärkische Oderzeitung
942 _2z
_cA
999 _c373996
_d373996